The globalization of world politics : (Record no. 18715)
[ view plain ]
| 000 -LEADER | |
|---|---|
| fixed length control field | 01178cam a22003375a 4500 |
| 001 - CONTROL NUMBER | |
| control field | 16550475 |
| 005 - DATE AND TIME OF LATEST TRANSACTION | |
| control field | 20150820104258.0 |
| 008 - FIXED-LENGTH DATA ELEMENTS--GENERAL INFORMATION | |
| fixed length control field | 101123t2011 nyua frbd f001 0 eng d |
| 010 ## - LIBRARY OF CONGRESS CONTROL NUMBER | |
| LC control number | 2010941710 |
| 020 ## - INTERNATIONAL STANDARD BOOK NUMBER | |
| International Standard Book Number | 9780199569090 (pbk.) |
| 040 ## - CATALOGING SOURCE | |
| Original cataloging agency | DLC |
| Language of cataloging | eng |
| Transcribing agency | DLC |
| Modifying agency | DLC |
| -- | EG-ScBUE |
| 082 04 - DEWEY DECIMAL CLASSIFICATION NUMBER | |
| Classification number | 327.101 |
| Item number | BAY |
| Edition number | 22 |
| 100 1# - MAIN ENTRY--PERSONAL NAME | |
| Personal name | Baylis, John, |
| Dates associated with a name | 1946- |
| 9 (RLIN) | 36783 |
| 245 14 - TITLE STATEMENT | |
| Title | The globalization of world politics : |
| Remainder of title | an introduction to international relations / |
| Statement of responsibility, etc | John Baylis, Steve Smith, Patricia Owens. |
| 250 ## - EDITION STATEMENT | |
| Edition statement | 5th ed. |
| 260 ## - PUBLICATION, DISTRIBUTION, ETC. (IMPRINT) | |
| Place of publication, distribution, etc | New York : |
| Name of publisher, distributor, etc | Oxford University Press, |
| Date of publication, distribution, etc | c.2011. |
| 300 ## - PHYSICAL DESCRIPTION | |
| Extent | xxxvii, 636 p. : |
| Other physical details | ill. (col.) ; |
| Dimensions | 27 cm. |
| 500 ## - GENERAL NOTE | |
| General note | Glossary : p. 559-578. |
| 500 ## - GENERAL NOTE | |
| General note | Index : p. 601-636. |
| 504 ## - BIBLIOGRAPHY, ETC. NOTE | |
| Bibliography, etc | Bibliography : p. 579-599. |
| 590 ## - LOCAL NOTE (RLIN) | |
| Local note | yassmeen ashraf |
| 650 #0 - SUBJECT ADDED ENTRY--TOPICAL TERM | |
| Topical term or geographic name as entry element | International relations |
| Form subdivision | Textbooks |
| 9 (RLIN) | 8194 |
| Source of heading or term | BUEsh |
| 650 #0 - SUBJECT ADDED ENTRY--TOPICAL TERM | |
| Topical term or geographic name as entry element | Globalization |
| Form subdivision | Textbooks |
| 9 (RLIN) | 36784 |
| Source of heading or term | BUEsh |
| 650 #0 - SUBJECT ADDED ENTRY--TOPICAL TERM | |
| Topical term or geographic name as entry element | World politics |
| Chronological subdivision | 1989- |
| Form subdivision | Textbooks |
| 9 (RLIN) | 36785 |
| Source of heading or term | BUEsh |
| 651 ## - SUBJECT ADDED ENTRY--GEOGRAPHIC NAME | |
| Source of heading or term | BUEsh |
| 653 ## - INDEX TERM--UNCONTROLLED | |
| Resource For college | BAEPS, Political Science |
| Arrived date list | August2015 |
| 655 ## - INDEX TERM--GENRE/FORM | |
| Form subdivision | |
| -- | 34232 |
| 700 1# - ADDED ENTRY--PERSONAL NAME | |
| Personal name | Smith, Steve, |
| Dates associated with a name | 1952- |
| 9 (RLIN) | 8197 |
| 700 1# - ADDED ENTRY--PERSONAL NAME | |
| Personal name | Owens, Patricia, |
| Dates associated with a name | 1975- |
| 9 (RLIN) | 12041 |
| 942 ## - ADDED ENTRY ELEMENTS (KOHA) | |
| Source of classification or shelving scheme | Dewey Decimal Classification |
| Call number prefix | 327.101 BAY |
| Withdrawn status | Item status | Source of classification or shelving scheme | Damaged status | Not for loan | Vendor | Home library | Current library | Shelving location | Date acquired | Source of acquisition | Cost, normal purchase price | Serial Enumeration / chronology | Total Checkouts | Total Renewals | Full call number | Barcode | Date last seen | Date last borrowed | Cost, replacement price | Koha item type |
|---|---|---|---|---|---|---|---|---|---|---|---|---|---|---|---|---|---|---|---|---|
| Dewey Decimal Classification | Baccah | Central Library | Central Library | First floor | 03/12/2014 | 220.00 | 20677 | 5 | 33 | 327.101 BAY | 000037096 | 15/07/2025 | 24/11/2020 | 275.00 | Book - Borrowing |